Neurotransmitters of the Body Quiz - Statistics

General Stats
  • This quiz has been taken 400 times
  • The average score is 5 of 14
Answer Stats
Hint Answer % Correct
Pleasure, Motivation Dopamine
94%
Regulates Mood and Appetite Serotonin
70%
Stress, Increases Heart Rate Epinephrine
63%
Fight or Flight Norepinephrine
52%
Allergies, Immune System Histamine
39%
Regulates Anxiety, Calming GABA - Gamma-aminobutyric acid
34%
Bonding, Social Recognition Oxytocin
33%
Activates Muscles Acetylcholine
31%
Memory, Learning Glutamate
30%
Improves Sleep Adenosine
9%
Euphoria, Inhibits Pain Endorphine
8%
Relaxes Smooth Muscles, Dilates Blood Vessels Nitric Oxide
4%
Automatic Control, Sensory Transduction and Communication ATP - Adenosine Triphosphate
3%
Modulates the Body's Inflammatory Response Carbon Monoxide
2%
No matching quizzes found
Score Distribution
Percent of People with Each Score
Percentile by Number Answered
Your Score History
You have not taken this quiz